Động hóa học và thiết bị phản ứng trong công nghiệp hóa học

Gardado en:
Detalles Bibliográficos
Autor Principal: Nguyễn, Hoa Toàn
Formato: Libro
Idioma:Undetermined
Publicado: Hà Nội Khoa học Kỹ thuật 2001
Những chủ đề:
Các nhãn: Engadir etiqueta
Sen Etiquetas, Sexa o primeiro en etiquetar este rexistro!
Thư viện lưu trữ: Trung tâm Học liệu Trường Đại học Cần Thơ
LEADER 00627nam a2200205Ia 4500
001 CTU_63184
008 210402s9999 xx 000 0 und d
020 |b 21000 
082 |a 660.282 
082 |b T406 
100 |a Nguyễn, Hoa Toàn 
245 0 |a Động hóa học và thiết bị phản ứng trong công nghiệp hóa học 
245 0 |c Nguyễn Hoa Toàn 
260 |a Hà Nội 
260 |b Khoa học Kỹ thuật 
260 |c 2001 
650 |a Chemical engineering 
650 |x Equipment and supplies 
904 |i Năm 
980 |a Trung tâm Học liệu Trường Đại học Cần Thơ